A szállodaipar hosszú távú trendjeinek elemzése az ezredfordulótól 2012-ig
| Szerző: | |
|---|---|
| További közreműködők: | |
| Dokumentumtípus: | Diplomadolgozat |
| Kulcsszavak: | Turizmus Szállodaipar, történet Piacelemzés, szállodai Trend, szállodaipari Kínálat Vendégforgalom Bevétel |
| Online Access: | http://dolgozattar.uni-bge.hu/59378 |
MARC
| LEADER | 00000nta a2200000 i 4500 | ||
|---|---|---|---|
| 001 | dolg59378 | ||
| 005 | 20260114090043.0 | ||
| 008 | 260114suuuu hu om 000 hun d | ||
| 040 | |a BGE Dolgozattár Repozitórium |b hun | ||
| 041 | |a hu | ||
| 100 | 1 | |a Péterbencze Réka | |
| 245 | 1 | 2 | |a A szállodaipar hosszú távú trendjeinek elemzése az ezredfordulótól 2012-ig |c Péterbencze Réka |h [elektronikus dokumentum] |
| 695 | |a Turizmus | ||
| 695 | |a Szállodaipar, történet | ||
| 695 | |a Piacelemzés, szállodai | ||
| 695 | |a Trend, szállodaipari | ||
| 695 | |a Kínálat | ||
| 695 | |a Vendégforgalom | ||
| 695 | |a Bevétel | ||
| 700 | 1 | |a Bártfai Endre |e ths | |
| 856 | 4 | 0 | |u http://dolgozattar.uni-bge.hu/59378/1/Peterbencze-Reka.pdf |z Dokumentum-elérés |